000 00558nam a2200193Ia 4500
003 LDD
008 181029s9999 xx 000 0 und d
020 _a415349141
_cP 60.00
040 _cLDD
100 _aAsheim, Bjorn
245 0 _aClusters and ragional development
_bcritical reflections and explorations
_cBjorn Asheim
260 _aNew York
_bRoutledge
_c2006
300 _axv, 300
365 _bP 60.00
901 _a3653
_b11-01-2007
902 _a7338
_b22-02-2007
_cF
_dUPPAL
_e35
903 _aDiscount-10
_bReqst by : Alka Daneja
942 _2ddc
_cBK
999 _c78196
_d78196